000 01365nam0a22003011 4500
001 rc\3411743
005 20250610000806.0
021 _aRU
_b[73-62775]
035 _a(NLR Aleph) 007578179
090 _a5479190
_c5479190
100 _a20130115d1973 |||y0rusy50 ca
101 0 _arus
102 _aRU
105 _aa z |||||
200 1 _aПтицы Северо-Восточного Алтая
_e(Распределение, численность, структура и динамика населения)
_fОтв. ред. д-р биол. наук, проф. А.А. Максимов
_gАН СССР. Сиб. отд-ние. Биол. ин-т
210 _aНовосибирск
_cНаука. Сиб. отд-ние
_d1973
215 _a374 с., 1 л. табл.
_cил.
_d21
320 _aСписок лит.: с. 314-320
320 _aУказ. рус. и латин. назв. видов птиц: с. 367-372
606 _aПтицы
_yАлтайский край
_2psbo
700 1 _aРавкин
_bЮ.С.
_f1937-
_gЮрий Соломонович
702 1 _4340
_7ca
_8rus
_aМаксимов
_bА. А.
_cд-р биол. наук
_f1914-1990
_gАнатолий Александрович
_92648027
_3RU\NLR\AUTH\770276060
801 0 _aRU
_bNLR
_gpsbo
801 1 _aRU
_bELAR
_2rusmarc
852 _aNLR
_j73-5/3374
942 _cBOOK
980 _aNB